000 00887cam a22002411 4500
001 l 45000013
003 DLC
005 20260227111539.0
008 820317s1944 xx f000 0 eng c
010 _al 45000013
035 _a(OCoLC)8249790
040 _aU.S. Dept. of Labor Libr.
_cOGK
_dOGK
_dDLC
050 0 0 _aHD6093
_b.A355 no. 20
082 _a331.4 s
100 1 _aPidgeon, Mary Elizabeth.
245 1 0 _aChanges in women's employment during the war,
_cby Mary Elizabeth Pidgeon.
260 _aWashington,
_bU.S. Govt. Print. Off.,
_c1944.
300 _avi, 29 p. incl. tables.
_c23 cm.
490 0 _aU.S. Women's Bureau. Special bulletin,
_vno. 20
500 _aAt head of title: United States Dept. of Labor, Frances Perkins, secretary. Women's Bureau, Mary Anderson, director.
650 0 _aWomen
_xEmployment
_zUnited States.
650 0 _aWorld War, 1939-1945
_xWomen.
999 _c36489
_d36489